|
|
|
|
| LEADER |
00000ntm a22000007u 4500 |
| 001 |
zp10778 |
| 041 |
|
|
|a cze
|
| 100 |
1 |
|
|a Bilíková, Božena
|4 dis
|
| 245 |
1 |
0 |
|a Chemická legislativa - nařízení č.1907/2006 (ES)o chemických látkách (REACH) a jeho dopad na uvádění plastových výrobků na trh.
|
| 246 |
|
|
|a The chemical legislation - Regulation (EC) No. 1907/2006 of the European Parliament and of the Council(REACH) and its potential impact on the placing on the market of the plastic products.
|
| 260 |
|
|
|c 2009
|
| 300 |
|
|
|a 62 s., 8 s. obr. příloh
|
| 500 |
|
|
|a Studijní obor: Chemie a technologie materiálů
|
| 500 |
|
|
|a Studijní obor: Chemistry and materials technology
|
| 500 |
|
|
|a Ústav: Ústav inženýrství polymerů
|
| 500 |
|
|
|a Univerzita Tomáše Bati ve Zlíně. Fakulta technologická
|
| 500 |
|
|
|a Tomas Bata University in Zlín. Faculty of Technology
|
| 506 |
|
|
|a Práce bude přístupná pouze v rámci univerzity od 19.05.2039
|
| 653 |
|
|
|a REACH
|
| 653 |
|
|
|a chemická legislativa
|
| 653 |
|
|
|a chemické látky
|
| 653 |
|
|
|a REACH
|
| 653 |
|
|
|a chemical legislative
|
| 653 |
|
|
|a chemicals
|
| 655 |
|
4 |
|a bakalářská práce
|
| 700 |
1 |
|
|a Kubišová, Hana
|4 ths
|
| 710 |
2 |
|
|a Univerzita Tomáše Bati ve Zlíně. Fakulta technologická
|4 dgg
|
| 710 |
2 |
|
|a Tomas Bata University in Zlín. Faculty of Technology
|4 dgg
|
| 856 |
4 |
0 |
|u http://hdl.handle.net/10563/9338
|y Plný text v Digitální knihovně UTB
|